Normal view
MARC view
- الفاروقي، تحسين التاجي
Entry Personal Name
001 - CONTROL NUMBER
- control field: 27519
003 - CONTROL NUMBER IDENTIFIER
- control field: JO-AjAnu
005 - DATE AND TIME OF LATEST TRANSACTION
- control field: 20230606074656.0
008 - FIXED-LENGTH DATA ELEMENTS
- fixed length control field: 230606|| aca||aabn | a|a d
040 ## - CATALOGING SOURCE
- Original cataloging agency: JO-AjAnu
- Transcribing agency: JO-AjAnu
100 ## - HEADING--PERSONAL NAME
- Personal name: الفاروقي، تحسين التاجي
670 ## - SOURCE DATA FOUND
- Source citation: Work cat.: (JO-AjAnu)14132: الفاروقي، تحسين التاجي, author, The Dictionary of Banking Finance and Investment English-Arabic = قاموس مصطلحات المصارف و المال و الاستثمار إنجليزي - عربي